000 00289nam a22001337a 4500
008 170612b xxu||||| |||| 00| 0 eng d
020 _a9780143112525
041 _aeng
080 _a32
100 _a19
101 _aSHP
245 _aWAR ON THE MIDDLE CLASS
_cDOBBS,L
942 _2udc
_cBK
999 _c16922
_d16922